Statistics for Asian Capitals Without First or Last Letters Quiz #3

Click here to take the quiz!

General Stats

  • This quiz has been taken 24 times
  • The average score is 12 of 13

Answer Stats

Asian Capitals Without First or Last LettersFull Asian Capitals (and Countries)% Correct
uwai itKuwait City (Kuwait)
100%
icosiNicosia (Cyprus)
100%
ehraTehran (Iran)
100%
laanbaataUlaanbaatar (Mongolia)
100%
erevaYerevan (Armenia)
100%
e elhNew Delhi (India)
96%
ana'Sana'a (Yemen)
96%
shgabaAshgabat (Turkmenistan)
92%
ohDoha (Qatar)
92%
ushanbDushanbe (Tajikistan)
92%
olomb | r ayawardenepur ottColombo (Sri Lanka)
88%
anda er egawaBandar Seri Begawan (Brunei)
79%
r ayawardenepur ottSri Jayawardenepura Kotte (Sri Lanka)
67%

Score Distribution

Percentile by Number Answered

Percent of People with Each Score

Your Score History

You have not taken this quiz